<?xml version="1.0" encoding="UTF-8"?>
<collection xmlns="http://www.loc.gov/MARC21/slim">
<record>
  <controlfield tag="000">00853ctm\a22001815i\4500</controlfield>
  <controlfield tag="001">545287</controlfield>
  <controlfield tag="005">20251009150935.0</controlfield>
  <controlfield tag="008">220116|1667\\\\xx\||||\|\\\\||||\||und||</controlfield>
  <datafield tag="040" ind1=" " ind2=" ">
    <subfield code="d">UtOrBLW</subfield>
  </datafield>
  <datafield tag="245" ind1="0" ind2="0">
    <subfield code="a">Letter to Thomas Pengelly, London</subfield>
    <subfield code="h">[manuscript],</subfield>
    <subfield code="f">1667 July 17.</subfield>
  </datafield>
  <datafield tag="260" ind1=" " ind2=" ">
    <subfield code="a">[England],</subfield>
    <subfield code="c">1667 July 17.</subfield>
  </datafield>
  <datafield tag="300" ind1=" " ind2=" ">
    <subfield code="a">1 letter</subfield>
  </datafield>
  <datafield tag="336" ind1=" " ind2=" ">
    <subfield code="a">text</subfield>
    <subfield code="b">txt</subfield>
    <subfield code="2">rdacontent</subfield>
  </datafield>
  <datafield tag="337" ind1=" " ind2=" ">
    <subfield code="a">unmediated</subfield>
    <subfield code="b">n</subfield>
    <subfield code="2">rdamedia</subfield>
  </datafield>
  <datafield tag="500" ind1=" " ind2=" ">
    <subfield code="a">This is a PRELIMINARY RECORD. It may contain incorrect information. The "FAST ACC" number is a temporary call number. Please email catalog@folger.edu for assistance.</subfield>
    <subfield code="5">DF</subfield>
  </datafield>
  <datafield tag="583" ind1="1" ind2=" ">
    <subfield code="a">condition reviewed</subfield>
    <subfield code="c">2022-09-26</subfield>
    <subfield code="k">EB</subfield>
    <subfield code="z">Stored as a folded letter packet; awaiting rehousing.</subfield>
    <subfield code="2">pda</subfield>
    <subfield code="5">DFo</subfield>
  </datafield>
  <datafield tag="655" ind1=" " ind2="7">
    <subfield code="a">Manuscripts (documents)</subfield>
    <subfield code="0">300028569</subfield>
    <subfield code="2">aat</subfield>
  </datafield>
  <datafield tag="655" ind1=" " ind2="7">
    <subfield code="a">Letters (correspondence)</subfield>
    <subfield code="0">300026879</subfield>
    <subfield code="2">aat</subfield>
  </datafield>
  <datafield tag="852" ind1="8" ind2=" ">
    <subfield code="a">US-DFo</subfield>
    <subfield code="7">833511</subfield>
    <subfield code="z">Ordered from Christopher Edwards, D9441, 2021-02-10, purchased from Mike Burtt.</subfield>
    <subfield code="z">From dealer's description: "1667 letter "To Thomas Pengelly, merchant at Thomas Angeirs neare the pump in Bishopgate Street" from Southtown. 0688."</subfield>
    <subfield code="h">FAST ACC 272324</subfield>
    <subfield code="j">272324</subfield>
    <subfield code="n">37 x 28 cm</subfield>
  </datafield>
  <datafield tag="909" ind1="C" ind2="O">
    <subfield code="o">oai:catalog.folger.edu:545287</subfield>
    <subfield code="p">GLOBAL_SET</subfield>
  </datafield>
  <datafield tag="980" ind1=" " ind2=" ">
    <subfield code="a">BIB</subfield>
  </datafield>
  <datafield tag="983" ind1=" " ind2=" ">
    <subfield code="a">Vault</subfield>
  </datafield>
</record>
<record>
  <controlfield tag="000">00866ctm\a22001815i\4500</controlfield>
  <controlfield tag="001">545289</controlfield>
  <controlfield tag="005">20251009150935.0</controlfield>
  <controlfield tag="008">220116s1667\\\\enk||||\|\\\\||||\||eng||</controlfield>
  <datafield tag="040" ind1=" " ind2=" ">
    <subfield code="d">UtOrBLW</subfield>
  </datafield>
  <datafield tag="245" ind1="0" ind2="0">
    <subfield code="a">Letter from Christopher Green, London, to Thomas Pengelly, London</subfield>
    <subfield code="h">[manuscript],</subfield>
    <subfield code="f">1666/1667 January 11.</subfield>
  </datafield>
  <datafield tag="260" ind1=" " ind2=" ">
    <subfield code="a">London,</subfield>
    <subfield code="c">1666/1667 January 11.</subfield>
  </datafield>
  <datafield tag="300" ind1=" " ind2=" ">
    <subfield code="a">1 letter</subfield>
  </datafield>
  <datafield tag="336" ind1=" " ind2=" ">
    <subfield code="a">text</subfield>
    <subfield code="b">txt</subfield>
    <subfield code="2">rdacontent</subfield>
  </datafield>
  <datafield tag="337" ind1=" " ind2=" ">
    <subfield code="a">unmediated</subfield>
    <subfield code="b">n</subfield>
    <subfield code="2">rdamedia</subfield>
  </datafield>
  <datafield tag="500" ind1=" " ind2=" ">
    <subfield code="a">This is a PRELIMINARY RECORD. It may contain incorrect information. The "FAST ACC" number is a temporary call number. Please email catalog@folger.edu for assistance.</subfield>
    <subfield code="5">DF</subfield>
  </datafield>
  <datafield tag="583" ind1="1" ind2=" ">
    <subfield code="a">condition reviewed</subfield>
    <subfield code="c">2022-09-26</subfield>
    <subfield code="k">EB</subfield>
    <subfield code="z">Stored as a folded letter packet; awaiting rehousing.</subfield>
    <subfield code="2">pda</subfield>
    <subfield code="5">DFo</subfield>
  </datafield>
  <datafield tag="655" ind1=" " ind2="7">
    <subfield code="a">Manuscripts (documents)</subfield>
    <subfield code="0">300028569</subfield>
    <subfield code="2">aat</subfield>
  </datafield>
  <datafield tag="655" ind1=" " ind2="7">
    <subfield code="a">Letters (correspondence)</subfield>
    <subfield code="0">300026879</subfield>
    <subfield code="2">aat</subfield>
  </datafield>
  <datafield tag="752" ind1=" " ind2=" ">
    <subfield code="a">Great Britain</subfield>
    <subfield code="b">England</subfield>
    <subfield code="d">London.</subfield>
    <subfield code="2">naf</subfield>
  </datafield>
  <datafield tag="852" ind1="8" ind2=" ">
    <subfield code="a">US-DFo</subfield>
    <subfield code="7">833513</subfield>
    <subfield code="z">Ordered from Christopher Edwards, D9441, 2021-02-10, purchased from Mike Burtt.</subfield>
    <subfield code="z">From dealer's description: "1666 letter "for Mr Thomas Pampale(?), merchant at the house of Simon Snow". ref 0691."</subfield>
    <subfield code="h">FAST ACC 272326</subfield>
    <subfield code="j">272326</subfield>
    <subfield code="n">37 x 28 cm</subfield>
  </datafield>
  <datafield tag="909" ind1="C" ind2="O">
    <subfield code="o">oai:catalog.folger.edu:545289</subfield>
    <subfield code="p">GLOBAL_SET</subfield>
  </datafield>
  <datafield tag="980" ind1=" " ind2=" ">
    <subfield code="a">BIB</subfield>
  </datafield>
  <datafield tag="983" ind1=" " ind2=" ">
    <subfield code="a">Vault</subfield>
  </datafield>
</record>
<record>
  <controlfield tag="000">00876ctm\a22001815i\4500</controlfield>
  <controlfield tag="001">545283</controlfield>
  <controlfield tag="005">20251009150935.0</controlfield>
  <controlfield tag="008">220116|1669\\\\xx\||||\|\\\\||||\||und||</controlfield>
  <datafield tag="040" ind1=" " ind2=" ">
    <subfield code="d">UtOrBLW</subfield>
  </datafield>
  <datafield tag="245" ind1="0" ind2="0">
    <subfield code="a">Letter from Samuel Royle to Thomas Pengelly, London</subfield>
    <subfield code="h">[manuscript],</subfield>
    <subfield code="f">1669 November 26.</subfield>
  </datafield>
  <datafield tag="260" ind1=" " ind2=" ">
    <subfield code="a">[England],</subfield>
    <subfield code="c">1669 November 26.</subfield>
  </datafield>
  <datafield tag="300" ind1=" " ind2=" ">
    <subfield code="a">1 letter</subfield>
  </datafield>
  <datafield tag="336" ind1=" " ind2=" ">
    <subfield code="a">text</subfield>
    <subfield code="b">txt</subfield>
    <subfield code="2">rdacontent</subfield>
  </datafield>
  <datafield tag="337" ind1=" " ind2=" ">
    <subfield code="a">unmediated</subfield>
    <subfield code="b">n</subfield>
    <subfield code="2">rdamedia</subfield>
  </datafield>
  <datafield tag="500" ind1=" " ind2=" ">
    <subfield code="a">This is a PRELIMINARY RECORD. It may contain incorrect information. The "FAST ACC" number is a temporary call number. Please email catalog@folger.edu for assistance.</subfield>
    <subfield code="5">DF</subfield>
  </datafield>
  <datafield tag="583" ind1="1" ind2=" ">
    <subfield code="a">condition reviewed</subfield>
    <subfield code="c">2022-09-26</subfield>
    <subfield code="k">EB</subfield>
    <subfield code="z">Stored as a folded letter packet; awaiting rehousing.</subfield>
    <subfield code="2">pda</subfield>
    <subfield code="5">DFo</subfield>
  </datafield>
  <datafield tag="655" ind1=" " ind2="7">
    <subfield code="a">Manuscripts (documents)</subfield>
    <subfield code="0">300028569</subfield>
    <subfield code="2">aat</subfield>
  </datafield>
  <datafield tag="655" ind1=" " ind2="7">
    <subfield code="a">Letters (correspondence)</subfield>
    <subfield code="0">300026879</subfield>
    <subfield code="2">aat</subfield>
  </datafield>
  <datafield tag="852" ind1="8" ind2=" ">
    <subfield code="a">US-DFo</subfield>
    <subfield code="7">833507</subfield>
    <subfield code="z">Ordered from Christopher Edwards, D9441, 2021-02-10, purchased from Mike Burt.</subfield>
    <subfield code="z">From dealer's description: "1669 letter "To Thomas Pengelly at Mr Chigroes house neare the pump in Bishopsgate Street". Bearer is payd. ref 0682.</subfield>
    <subfield code="h">FAST ACC 272320</subfield>
    <subfield code="j">272320</subfield>
    <subfield code="n">37 x 28 cm</subfield>
  </datafield>
  <datafield tag="909" ind1="C" ind2="O">
    <subfield code="o">oai:catalog.folger.edu:545283</subfield>
    <subfield code="p">GLOBAL_SET</subfield>
  </datafield>
  <datafield tag="980" ind1=" " ind2=" ">
    <subfield code="a">BIB</subfield>
  </datafield>
  <datafield tag="983" ind1=" " ind2=" ">
    <subfield code="a">Vault</subfield>
  </datafield>
</record>
<record>
  <controlfield tag="000">00891ctm\a22001815i\4500</controlfield>
  <controlfield tag="001">545164</controlfield>
  <controlfield tag="005">20251009150934.0</controlfield>
  <controlfield tag="008">220103s16560714enk||||\|\\\\||||\||eng||</controlfield>
  <datafield tag="040" ind1=" " ind2=" ">
    <subfield code="d">UtOrBLW</subfield>
  </datafield>
  <datafield tag="245" ind1="0" ind2="0">
    <subfield code="a">Letter from William Backhouse, Deal, to Thomas Pengelly</subfield>
    <subfield code="h">[manuscript],</subfield>
    <subfield code="f">1656 July 14.</subfield>
  </datafield>
  <datafield tag="260" ind1=" " ind2=" ">
    <subfield code="c">July 14th 56 [i.e. 1656]</subfield>
  </datafield>
  <datafield tag="300" ind1=" " ind2=" ">
    <subfield code="a">1 letter</subfield>
  </datafield>
  <datafield tag="336" ind1=" " ind2=" ">
    <subfield code="a">text</subfield>
    <subfield code="b">txt</subfield>
    <subfield code="2">rdacontent</subfield>
  </datafield>
  <datafield tag="337" ind1=" " ind2=" ">
    <subfield code="a">unmediated</subfield>
    <subfield code="b">n</subfield>
    <subfield code="2">rdamedia</subfield>
  </datafield>
  <datafield tag="500" ind1=" " ind2=" ">
    <subfield code="a">This is a PRELIMINARY RECORD. It may contain incorrect information. The "FAST ACC" number is a temporary call number. Please email catalog@folger.edu for assistance.</subfield>
    <subfield code="5">DF</subfield>
  </datafield>
  <datafield tag="583" ind1="1" ind2=" ">
    <subfield code="a">condition reviewed$$c2022-09-01$$kEB$$zStored folded, but not as a letter packet; awaiting decision about folding and housing.$$2pda$$5DFo</subfield>
  </datafield>
  <datafield tag="655" ind1=" " ind2="7">
    <subfield code="a">Manuscripts (documents)</subfield>
    <subfield code="0">300028569</subfield>
    <subfield code="2">aat</subfield>
  </datafield>
  <datafield tag="655" ind1=" " ind2="7">
    <subfield code="a">Letters (correspondence)</subfield>
    <subfield code="0">300026879</subfield>
    <subfield code="2">aat</subfield>
  </datafield>
  <datafield tag="752" ind1=" " ind2=" ">
    <subfield code="a">Great Britain</subfield>
    <subfield code="b">England.</subfield>
    <subfield code="2">naf</subfield>
  </datafield>
  <datafield tag="852" ind1="8" ind2=" ">
    <subfield code="a">US-DFo</subfield>
    <subfield code="z">Ordered from Christopher Edwards, D9424, 2021-02-10, purchased from Martin Townsend.</subfield>
    <subfield code="z">From Townsend's description: "1656 letter from Deal regarding a ship voyage of 7 weeks and a shipment of tobacco etc. addressed to Mr Tho. Pengelly, merchant."</subfield>
    <subfield code="7">833388</subfield>
    <subfield code="j">272381</subfield>
    <subfield code="h">FAST ACC 272381</subfield>
    <subfield code="n">37 x 28 cm</subfield>
  </datafield>
  <datafield tag="909" ind1="C" ind2="O">
    <subfield code="o">oai:catalog.folger.edu:545164</subfield>
    <subfield code="p">GLOBAL_SET</subfield>
  </datafield>
  <datafield tag="980" ind1=" " ind2=" ">
    <subfield code="a">BIB</subfield>
  </datafield>
  <datafield tag="983" ind1=" " ind2=" ">
    <subfield code="a">Vault</subfield>
  </datafield>
</record>
<record>
  <controlfield tag="000">00880ctm\a22001815i\4500</controlfield>
  <controlfield tag="001">545282</controlfield>
  <controlfield tag="005">20251009150935.0</controlfield>
  <controlfield tag="008">220115|1661\\\\xx\||||\|\\\\||||\||und||</controlfield>
  <datafield tag="040" ind1=" " ind2=" ">
    <subfield code="d">UtOrBLW</subfield>
  </datafield>
  <datafield tag="245" ind1="0" ind2="0">
    <subfield code="a">Letter from George Harper, Yarmouth, to Thomas Pengelly, London</subfield>
    <subfield code="h">[manuscript],</subfield>
    <subfield code="f">1661 July 22.</subfield>
  </datafield>
  <datafield tag="260" ind1=" " ind2=" ">
    <subfield code="a">Yarmouth,</subfield>
    <subfield code="c">1661 July 22.</subfield>
  </datafield>
  <datafield tag="300" ind1=" " ind2=" ">
    <subfield code="a">1 letter</subfield>
  </datafield>
  <datafield tag="336" ind1=" " ind2=" ">
    <subfield code="a">text</subfield>
    <subfield code="b">txt</subfield>
    <subfield code="2">rdacontent</subfield>
  </datafield>
  <datafield tag="337" ind1=" " ind2=" ">
    <subfield code="a">unmediated</subfield>
    <subfield code="b">n</subfield>
    <subfield code="2">rdamedia</subfield>
  </datafield>
  <datafield tag="500" ind1=" " ind2=" ">
    <subfield code="a">This is a PRELIMINARY RECORD. It may contain incorrect information. The "FAST ACC" number is a temporary call number. Please email catalog@folger.edu for assistance.</subfield>
    <subfield code="5">DF</subfield>
  </datafield>
  <datafield tag="583" ind1="1" ind2=" ">
    <subfield code="a">condition reviewed</subfield>
    <subfield code="c">2022-09-26</subfield>
    <subfield code="k">EB</subfield>
    <subfield code="z">Stored as a folded letter packet; awaiting rehousing.</subfield>
    <subfield code="2">pda</subfield>
    <subfield code="5">DFo</subfield>
  </datafield>
  <datafield tag="655" ind1=" " ind2="7">
    <subfield code="a">Manuscripts (documents)</subfield>
    <subfield code="0">300028569</subfield>
    <subfield code="2">aat</subfield>
  </datafield>
  <datafield tag="655" ind1=" " ind2="7">
    <subfield code="a">Letters (correspondence)</subfield>
    <subfield code="0">300026879</subfield>
    <subfield code="2">aat</subfield>
  </datafield>
  <datafield tag="852" ind1="8" ind2=" ">
    <subfield code="a">US-DFo</subfield>
    <subfield code="7">833506</subfield>
    <subfield code="z">Ordered from Christopher Edwards, D9441, 2021-02-10, purchased from Mike Burt.</subfield>
    <subfield code="z">From dealer's description: "1661 letter from "George Harper, Yarmouth" to "Thomas Pengelly, merchant at Mr Richard Bondishes, Norwich". ref 0678."</subfield>
    <subfield code="h">FAST ACC 272319</subfield>
    <subfield code="j">272319</subfield>
    <subfield code="n">37 x 28 cm</subfield>
  </datafield>
  <datafield tag="909" ind1="C" ind2="O">
    <subfield code="o">oai:catalog.folger.edu:545282</subfield>
    <subfield code="p">GLOBAL_SET</subfield>
  </datafield>
  <datafield tag="980" ind1=" " ind2=" ">
    <subfield code="a">BIB</subfield>
  </datafield>
  <datafield tag="983" ind1=" " ind2=" ">
    <subfield code="a">Vault</subfield>
  </datafield>
</record>
<record>
  <controlfield tag="000">00880ctm\a22001815i\4500</controlfield>
  <controlfield tag="001">545274</controlfield>
  <controlfield tag="005">20251009150935.0</controlfield>
  <controlfield tag="008">220114|1674\\\\xx\||||\|\\\\||||\||und||</controlfield>
  <datafield tag="040" ind1=" " ind2=" ">
    <subfield code="d">UtOrBLW</subfield>
  </datafield>
  <datafield tag="245" ind1="0" ind2="0">
    <subfield code="a">Letter from George Harper, Yarmouth, to Thomas Pengelly, London</subfield>
    <subfield code="h">[manuscript],</subfield>
    <subfield code="f">1674 March 27.</subfield>
  </datafield>
  <datafield tag="260" ind1=" " ind2=" ">
    <subfield code="a">Yarmouth,</subfield>
    <subfield code="c">1674 March 27.</subfield>
  </datafield>
  <datafield tag="300" ind1=" " ind2=" ">
    <subfield code="a">1 letter</subfield>
  </datafield>
  <datafield tag="336" ind1=" " ind2=" ">
    <subfield code="a">text</subfield>
    <subfield code="b">txt</subfield>
    <subfield code="2">rdacontent</subfield>
  </datafield>
  <datafield tag="337" ind1=" " ind2=" ">
    <subfield code="a">unmediated</subfield>
    <subfield code="b">n</subfield>
    <subfield code="2">rdamedia</subfield>
  </datafield>
  <datafield tag="500" ind1=" " ind2=" ">
    <subfield code="a">This is a PRELIMINARY RECORD. It may contain incorrect information. The "FAST ACC" number is a temporary call number. Please email catalog@folger.edu for assistance.</subfield>
    <subfield code="5">DFo</subfield>
  </datafield>
  <datafield tag="583" ind1="1" ind2=" ">
    <subfield code="a">condition reviewed</subfield>
    <subfield code="c">2022-09-16</subfield>
    <subfield code="k">EB</subfield>
    <subfield code="z">Stored as a folded letter packet; awaiting rehousing.</subfield>
    <subfield code="2">pda</subfield>
    <subfield code="5">DFo</subfield>
  </datafield>
  <datafield tag="655" ind1=" " ind2="7">
    <subfield code="a">Manuscripts (documents)</subfield>
    <subfield code="0">300028569</subfield>
    <subfield code="2">aat</subfield>
  </datafield>
  <datafield tag="655" ind1=" " ind2="7">
    <subfield code="a">Letters (correspondence)</subfield>
    <subfield code="0">300026879</subfield>
    <subfield code="2">aat</subfield>
  </datafield>
  <datafield tag="852" ind1="8" ind2=" ">
    <subfield code="a">US-DFo</subfield>
    <subfield code="7">833498</subfield>
    <subfield code="z">Ordered from Christopher Edwards, D9441, 2021-02-10, purchased from Mike Burt.</subfield>
    <subfield code="z">From dealer's description: "1674 letter to "Mr Thomas Pengelly, neare the popes head, Moore Fields, London" from "Geo Harper, Yarmouth". ref 0667."</subfield>
    <subfield code="h">FAST ACC 272311</subfield>
    <subfield code="j">272311</subfield>
    <subfield code="n">37 x 28</subfield>
  </datafield>
  <datafield tag="909" ind1="C" ind2="O">
    <subfield code="o">oai:catalog.folger.edu:545274</subfield>
    <subfield code="p">GLOBAL_SET</subfield>
  </datafield>
  <datafield tag="980" ind1=" " ind2=" ">
    <subfield code="a">BIB</subfield>
  </datafield>
  <datafield tag="983" ind1=" " ind2=" ">
    <subfield code="a">Vault</subfield>
  </datafield>
</record>
<record>
  <controlfield tag="000">00879ctm\a22001815i\4500</controlfield>
  <controlfield tag="001">545275</controlfield>
  <controlfield tag="005">20251009150935.0</controlfield>
  <controlfield tag="008">220115|1674\\\\xx\||||\|\\\\||||\||und||</controlfield>
  <datafield tag="040" ind1=" " ind2=" ">
    <subfield code="d">UtOrBLW</subfield>
  </datafield>
  <datafield tag="245" ind1="0" ind2="0">
    <subfield code="a">Letter from Samuel Davis, Yarmouth, to Thomas Pengelly, London</subfield>
    <subfield code="h">[manuscript],</subfield>
    <subfield code="f">1674 June 17.</subfield>
  </datafield>
  <datafield tag="260" ind1=" " ind2=" ">
    <subfield code="a">Yarmouth,</subfield>
    <subfield code="c">1674 June 17.</subfield>
  </datafield>
  <datafield tag="300" ind1=" " ind2=" ">
    <subfield code="a">1 letter</subfield>
  </datafield>
  <datafield tag="336" ind1=" " ind2=" ">
    <subfield code="a">text</subfield>
    <subfield code="b">txt</subfield>
    <subfield code="2">rdacontent</subfield>
  </datafield>
  <datafield tag="337" ind1=" " ind2=" ">
    <subfield code="a">unmediated</subfield>
    <subfield code="b">n</subfield>
    <subfield code="2">rdamedia</subfield>
  </datafield>
  <datafield tag="500" ind1=" " ind2=" ">
    <subfield code="a">This is a PRELIMINARY RECORD. It may contain incorrect information. The "FAST ACC" number is a temporary call number. Please email catalog@folger.edu for assistance.</subfield>
    <subfield code="5">DFo</subfield>
  </datafield>
  <datafield tag="583" ind1="1" ind2=" ">
    <subfield code="a">condition reviewed</subfield>
    <subfield code="c">2022-09-16</subfield>
    <subfield code="k">EB</subfield>
    <subfield code="z">Stored as a folded letter packet; awaiting rehousing.</subfield>
    <subfield code="2">pda</subfield>
    <subfield code="5">DFo</subfield>
  </datafield>
  <datafield tag="655" ind1=" " ind2="7">
    <subfield code="a">Manuscripts (documents)</subfield>
    <subfield code="0">300028569</subfield>
    <subfield code="2">aat</subfield>
  </datafield>
  <datafield tag="655" ind1=" " ind2="7">
    <subfield code="a">Letters (correspondence)</subfield>
    <subfield code="0">300026879</subfield>
    <subfield code="2">aat</subfield>
  </datafield>
  <datafield tag="852" ind1="8" ind2=" ">
    <subfield code="a">US-DFo</subfield>
    <subfield code="7">833499</subfield>
    <subfield code="z">Ordered from Christopher Edwards, D9441, 2021-02-10, purchased from Mike Burt.</subfield>
    <subfield code="z">From dealer's description: "1674 letter "to Mr Thomas Pengelly at his house in Moorfields neare the popes head" from "Sam Davis, Yarmouth". 0668."</subfield>
    <subfield code="h">FAST ACC 272312</subfield>
    <subfield code="j">272312</subfield>
    <subfield code="n">37 x 28 cm</subfield>
  </datafield>
  <datafield tag="909" ind1="C" ind2="O">
    <subfield code="o">oai:catalog.folger.edu:545275</subfield>
    <subfield code="p">GLOBAL_SET</subfield>
  </datafield>
  <datafield tag="980" ind1=" " ind2=" ">
    <subfield code="a">BIB</subfield>
  </datafield>
  <datafield tag="983" ind1=" " ind2=" ">
    <subfield code="a">Vault</subfield>
  </datafield>
</record>
<record>
  <controlfield tag="000">00887ctm\a22001815i\4500</controlfield>
  <controlfield tag="001">545276</controlfield>
  <controlfield tag="005">20251009150935.0</controlfield>
  <controlfield tag="008">220115|1673\\\\xx\||||\|\\\\||||\||und||</controlfield>
  <datafield tag="040" ind1=" " ind2=" ">
    <subfield code="d">UtOrBLW</subfield>
  </datafield>
  <datafield tag="245" ind1="0" ind2="0">
    <subfield code="a">Letter from Samuel Davis, Yarmouth, to Thomas Pengelly, London</subfield>
    <subfield code="h">[manuscript],</subfield>
    <subfield code="f">1673 December 12.</subfield>
  </datafield>
  <datafield tag="260" ind1=" " ind2=" ">
    <subfield code="a">[Yarmouth],</subfield>
    <subfield code="c">1673 December 12.</subfield>
  </datafield>
  <datafield tag="300" ind1=" " ind2=" ">
    <subfield code="a">1 letter</subfield>
  </datafield>
  <datafield tag="336" ind1=" " ind2=" ">
    <subfield code="a">text</subfield>
    <subfield code="b">txt</subfield>
    <subfield code="2">rdacontent</subfield>
  </datafield>
  <datafield tag="337" ind1=" " ind2=" ">
    <subfield code="a">unmediated</subfield>
    <subfield code="b">n</subfield>
    <subfield code="2">rdamedia</subfield>
  </datafield>
  <datafield tag="500" ind1=" " ind2=" ">
    <subfield code="a">This is a PRELIMINARY RECORD. It may contain incorrect information. The "FAST ACC" number is a temporary call number. Please email catalog@folger.edu for assistance.</subfield>
    <subfield code="5">DF</subfield>
  </datafield>
  <datafield tag="583" ind1="1" ind2=" ">
    <subfield code="a">condition reviewed</subfield>
    <subfield code="c">2022-09-26</subfield>
    <subfield code="k">EB</subfield>
    <subfield code="z">Stored as a folded letter packet; awaiting rehousing.</subfield>
    <subfield code="2">pda</subfield>
    <subfield code="5">DFo</subfield>
  </datafield>
  <datafield tag="583" ind1="1" ind2=" ">
    <subfield code="a">condition reviewed</subfield>
    <subfield code="c">2022-09-26</subfield>
    <subfield code="k">EB</subfield>
    <subfield code="z">Pressure sensitive tape along creases.</subfield>
    <subfield code="2">pda</subfield>
    <subfield code="5">DFo 655_7</subfield>
    <subfield code="a">Manuscripts (documents)</subfield>
    <subfield code="2">aat</subfield>
  </datafield>
  <datafield tag="655" ind1=" " ind2="7">
    <subfield code="a">Letters (correspondence)</subfield>
    <subfield code="0">300026879</subfield>
    <subfield code="2">aat</subfield>
  </datafield>
  <datafield tag="852" ind1="8" ind2=" ">
    <subfield code="a">US-DFo</subfield>
    <subfield code="7">833500</subfield>
    <subfield code="z">Ordered from Christopher Edwards, D9441, 2021-02-10, purchased from Mike Burt.</subfield>
    <subfield code="z">From dealer's description: "1673 letter "to Mr Thomas Pengelly in London at Mr Angers at the Bell and Tolbot" from "Sam Davis, Yarmouth". 0670."</subfield>
    <subfield code="h">FAST ACC 272313</subfield>
    <subfield code="j">272313</subfield>
    <subfield code="n">37 x 28 cm</subfield>
  </datafield>
  <datafield tag="909" ind1="C" ind2="O">
    <subfield code="o">oai:catalog.folger.edu:545276</subfield>
    <subfield code="p">GLOBAL_SET</subfield>
  </datafield>
  <datafield tag="980" ind1=" " ind2=" ">
    <subfield code="a">BIB</subfield>
  </datafield>
  <datafield tag="983" ind1=" " ind2=" ">
    <subfield code="a">Vault</subfield>
  </datafield>
</record>
<record>
  <controlfield tag="000">01097ctm\a22001815i\4500</controlfield>
  <controlfield tag="001">545307</controlfield>
  <controlfield tag="005">20251009150935.0</controlfield>
  <controlfield tag="008">220118|1662\\\\enk||||\|\\\\||||\||eng||</controlfield>
  <datafield tag="040" ind1=" " ind2=" ">
    <subfield code="d">UtOrBLW</subfield>
  </datafield>
  <datafield tag="245" ind1="0" ind2="0">
    <subfield code="a">Letter from George Harper, Yarmouth, to Thomas Pengelly, London</subfield>
    <subfield code="h">[manuscript],</subfield>
    <subfield code="f">1661/1662 January 24.</subfield>
  </datafield>
  <datafield tag="260" ind1=" " ind2=" ">
    <subfield code="a">Yarmouth,</subfield>
    <subfield code="c">1661/1662 January 24.</subfield>
  </datafield>
  <datafield tag="300" ind1=" " ind2=" ">
    <subfield code="a">1 letter</subfield>
  </datafield>
  <datafield tag="336" ind1=" " ind2=" ">
    <subfield code="a">text</subfield>
    <subfield code="b">txt</subfield>
    <subfield code="2">rdacontent</subfield>
  </datafield>
  <datafield tag="337" ind1=" " ind2=" ">
    <subfield code="a">unmediated</subfield>
    <subfield code="b">n</subfield>
    <subfield code="2">rdamedia</subfield>
  </datafield>
  <datafield tag="500" ind1=" " ind2=" ">
    <subfield code="a">This is a PRELIMINARY RECORD. It may contain incorrect information. The "FAST ACC" number is a temporary call number. Please email catalog@folger.edu for assistance.</subfield>
    <subfield code="5">DF</subfield>
  </datafield>
  <datafield tag="583" ind1="1" ind2=" ">
    <subfield code="a">condition reviewed</subfield>
    <subfield code="c">2022-09-26</subfield>
    <subfield code="k">EB</subfield>
    <subfield code="z">Stored as a folded letter packet; awaiting rehousing.</subfield>
    <subfield code="2">pda</subfield>
    <subfield code="5">DFo</subfield>
  </datafield>
  <datafield tag="655" ind1=" " ind2="7">
    <subfield code="a">Manuscripts (documents)</subfield>
    <subfield code="0">300028569</subfield>
    <subfield code="2">aat</subfield>
  </datafield>
  <datafield tag="655" ind1=" " ind2="7">
    <subfield code="a">Letters (correspondence)</subfield>
    <subfield code="0">300026879</subfield>
    <subfield code="2">aat</subfield>
  </datafield>
  <datafield tag="752" ind1=" " ind2=" ">
    <subfield code="a">Great Britain</subfield>
    <subfield code="b">England.</subfield>
    <subfield code="2">naf</subfield>
  </datafield>
  <datafield tag="852" ind1="8" ind2=" ">
    <subfield code="a">US-DFo</subfield>
    <subfield code="z">Ordered from Christopher Edwards, D9441, 2021-02-10, purchased from Mike Burt.</subfield>
    <subfield code="z">From dealer's description: "1661 letter to "Thomas Pengelly, at Mr Bendishes, Norwich" from "Geo Harper, Yarmouth". The tobacco is missing! 0971."</subfield>
    <subfield code="7">833531</subfield>
    <subfield code="h">FAST ACC 272344</subfield>
    <subfield code="j">272344</subfield>
    <subfield code="n">37 x 28 cm</subfield>
  </datafield>
  <datafield tag="909" ind1="C" ind2="O">
    <subfield code="o">oai:catalog.folger.edu:545307</subfield>
    <subfield code="p">GLOBAL_SET</subfield>
  </datafield>
  <datafield tag="980" ind1=" " ind2=" ">
    <subfield code="a">BIB</subfield>
  </datafield>
  <datafield tag="983" ind1=" " ind2=" ">
    <subfield code="a">Vault</subfield>
  </datafield>
</record>

</collection>